Cerpen Malaysia sebelum perang dunia ke-2

Bibliographic Details
Main Author: Hashim Awang
Format: Book
Published: Kuala Lumpur : Dewan Bahasa Dan Pustaka , 1988
Subjects:

MARC

LEADER 00000cam a2200000 7i4500
001 0000007306
002 000007859
005 20000330.0
020 |a 9836200444 
090 0 0 |a F   |b HAS 
100 0 |a Hashim Awang 
245 1 0 |a Cerpen Malaysia sebelum perang dunia ke-2   |c Hashim Awang 
260 |a Kuala Lumpur :   |b Dewan Bahasa Dan Pustaka ,   |c 1988 
300 |a 704 p. ;   |c 19 cm. 
650 0 0 |a Short stories 
999 |a 0011625   |b BUKU   |c PINJAMAN   |e PERPUSTAKAAN KOMUNITI PETALING JAYA 
999 |a 0011626   |b BUKU   |c PINJAMAN   |e PERPUSTAKAAN KOMUNITI PETALING JAYA